00449nam a2200145Ia 4500008004100000100001700041245009000058245001700148260005900165260000900224300001100233650001800244650001500262856002600277170221s9999 xx 000 0 und d aJinal Parikh aReaders’ Perceptions of Leading Vernacular Dailies in Ahmedabad, (Gujarat, India)  cJinal Parikh bOnline Journal of Communication and Media Technologies c2013 a33 : 2 xCommunication xMedia Arts uhttp://www.ojcmt.net/